000 00775nam a2200277Ia 4500
003 OSt
005 20220918174657.0
006 a|||||r|||| 00| 0
007 ta
008 220917b |||||||| |||| 00| 0 eng d
024 _a13,567
037 _cTextual
040 _aARTS
_cARTS
_beng
041 _2eng
_aeng
082 _aNR, M5
100 _aLerdahl Fred
_951328
245 0 _aGenerative theory of tonal music
260 _aCambridge
_bMIT Press
_c1985
300 _axi,368p.
_ccm.
490 _aThe MIT Press series on cognitive theory and mental representation
500 _aBibliography 353-60
650 _aARTS
700 _a Jackendoff Ray
_915197
942 _hNR, M5
_cTEXL
_2CC
999 _c154216
_d154216